|
|
|
|
| LEADER |
02042nam a2200373 a 4500 |
| 001 |
13026822 |
| 003 |
BD-DhAAL |
| 005 |
20241211164638.0 |
| 008 |
091103s2008 caua b 001 0 eng d |
| 010 |
|
|
|a 2002117118
|
| 020 |
|
|
|a 9780495104957
|
| 020 |
|
|
|a 9780495091547
|
| 020 |
|
|
|a 0534579647
|
| 040 |
|
|
|a DLC
|c DLC
|d BD-DhAAL
|
| 082 |
0 |
4 |
|a 155.6/33
|2 21
|
| 100 |
1 |
|
|a Matlin, Margaret W.
|9 57282
|
| 245 |
1 |
4 |
|a The psychology of women /
|c Margaret W. Matlin.
|
| 250 |
|
|
|a Sixth edition.
|
| 260 |
|
|
|a Belmont, CA :
|b Wadsworth/Thomson Learning,
|c c2008.
|
| 300 |
|
|
|a xxv, 638 pages :
|b ill. ;
|c 24 cm.
|
| 500 |
|
|
|a International Student Edition.
|
| 504 |
|
|
|a Includes bibliographical references (p. 503-593) and indexes.
|
| 526 |
|
|
|x Fahmida Sadia Rahman
ESS
Course name and no. N/A
|
| 541 |
1 |
|
|a Dhanshiri Library
|e 00019480
|
| 650 |
|
0 |
|a Women
|x Psychology.
|
| 650 |
|
0 |
|a Sex differences (Psychology)
|
| 650 |
|
0 |
|a Sex role.
|
| 650 |
|
0 |
|a Life cycle, Human.
|9 8548
|
| 852 |
4 |
|
|a Ayesha Abed Library
|j General Shelf.
|
| 942 |
|
|
|2 ddc
|c BK
|
| 999 |
|
|
|c 5077
|d 5077
|
| 952 |
|
|
|0 0
|1 0
|2 ddc
|4 0
|6 155_633000000000000_MAT_2008
|7 0
|9 4923
|a BRACUL
|b BRACUL
|c GEN
|d 2009-11-02
|e Dhanshiri Library
|g 5700.00
|l 14
|m 36
|o 155.633 MAT
|p 3010019480
|r 2025-11-16
|s 2025-11-10
|t 1
|v 11400.00
|w 2009-11-03
|y BK
|x Requisitioned by Fahmida Sadia Rahman Department of ESS. Course name and no. N/A
|
| 952 |
|
|
|0 0
|1 3
|2 ddc
|4 0
|6 155_633000000000000_MAT_2008
|7 0
|9 4926
|a BRACUL
|b BRACUL
|c GEN
|d 2009-11-02
|e Dhanshiri Library
|g 5700.00
|l 4
|m 11
|o 155.633 MAT
|p 3010019479
|r 2018-10-16
|s 2018-10-16
|t 2
|v 11400.00
|w 2009-11-03
|y BK
|x Lost and cost paid by 18101691 (TRXID: 528215012597 and TRXID: 528215012707) BDT-11400/-Requisitioned by Fahmida Sadia Rahman Department of ESS. Course name and no. N/A
|
| 952 |
|
|
|0 0
|1 0
|2 ddc
|4 0
|6 155_633000000000000_MAT_2008
|7 0
|9 4927
|a BRACUL
|b BRACUL
|c GEN
|d 2009-11-02
|e Dhanshiri Library
|g 5700.00
|l 1
|o 155.633 MAT
|p 3010019478
|r 2010-10-27
|s 2010-10-14
|t 3
|v 11400.00
|w 2009-11-03
|y BK
|x Requisitioned by Fahmida Sadia Rahman Department of ESS. Course name and no. N/A
|